Leyes constitucionales.
Saved in:
| Format: | Bog |
|---|---|
| Sprog: | spansk |
| Udgivet: |
Madrid, España:
Taurus Ediciones,
1959.
|
| Serier: | Biblioteca Política Taurus, 1.
|
| Fag: | |
| Tags: |
Tilføj Tag
Ingen Tags, Vær først til at tagge denne postø!
|
MARC
| LEADER | 00000nam a2200000 a 4500 | ||
|---|---|---|---|
| 001 | UCV3027 | ||
| 003 | CL-VaPUC | ||
| 005 | 20220822114320.0 | ||
| 008 | 930309e19590000SP |||||||||||||||||spa|d | ||
| 999 | |c 210421 |d 210419 | ||
| 040 | |c Pontificia Universidad Católica de Valparaíso | ||
| 082 | 0 | 4 | |a 342 LEY 1959 |2 21 |
| 245 | 1 | 0 | |a Leyes constitucionales. |
| 260 | |a Madrid, España: |b Taurus Ediciones, |c 1959. | ||
| 300 | |a 526, VIII páginas. | ||
| 490 | 0 | |a Biblioteca Política Taurus, 1. | |
| 500 | |a c.2 Donación Familia Prof. Alejandro Guzmán Brito. | ||
| 583 | |a last modification |c 19930309 00:00:00 |k Rodrigo Vera | ||
| 650 | 0 | |a Constituciones |9 255417 | |
| 650 | 0 | |a Derecho constitucional |9 222588 | |
| 942 | |c BK |2 ddc |n 0 | ||
| 945 | |d 19930309 00:00:00 | ||
| 952 | |0 0 |1 0 |4 0 |6 342_000000000000000_LEY_1959 |7 0 |8 A |9 186621 |a BIBDER |b BIBDER |d 2019-11-14 |i 2541726 |o 342 LEY 1959 |p 2541726 |r 2023-01-25 |w 2019-11-14 |y BK |k DER | ||
| 952 | |0 0 |1 0 |2 ddc |4 0 |6 342_000000000000000_LEY_1959 |7 1 |8 C_AGB |9 581274 |a BIBDER |b BIBDER |d 2022-02-10 |e Donación |i 5646200 |o 342 LEY 1959 |p 5646200 |r 2023-01-25 |t 2 |w 2022-02-10 |y BK_US |k AGB | ||